Ousadia de verão / (Record no. 197)

MARC details
000 -LÍDER
campo de controle de tamanho fixo 01842nam a2200301 4500
001 - NÚMERO DE CONTROLE
campo de controle 197
003 - IDENTIFICADOR DO NÚMERO DE CONTROLE
campo de controle OSt
005 - DATA E HORÁRIO DA ÚLTIMA TRANSAÇÃO
campo de controle 20250528074014.0
008 - CAMPO DE DADOS FIXOS--INFORMAÇÃO GERAL
campo de controle de tamanho fixo 250203b |||||||g |||| 00| 1 eng d
020 ## - ISBN - INTERNATIONAL STANDARD BOOK NUMBER
ISBN - International Standard Book Number 8528611906
040 ## - FONTE DA CATALOGAÇÃO
Idioma da catalogação por
041 ## - CÓDIGO DE IDIOMA
Código do idioma do original e/ou traduções intermediárias do texto eng
Código do idioma do texto/trilha sonora ou título diferente por
082 ## - CDD - CLASSIFICAÇÃO DECIMAL DE DEWEY
Número de Classificação 813
Número do exemplar D353o
100 1# - ENTRADA PRINCIPAL--NOME PESSOAL
Nome pessoal Delinsky, Barbara,
Datas associadas ao nome 1945-
9 (RLIN) 360
240 ## - TÍTULO UNIFORME
Título uniforme The summer I dared
245 ## - TÍTULO
Título Ousadia de verão /
Indicação de responsabilidade, etc. Delinsky, Barbara ; Tradução de A. B. Pinheiro de Lemos
260 ## - PUBLICAÇÃO, DISTRIBUIÇÃO, ETC.
Local de publicação, distribuição, etc. Rio de Janeiro
Nome do editor, distribuidor, etc. Bertrand Brasil
Data da publicação, distribuição, etc. 2006
300 ## - DESCRIÇÃO FÍSICA
Extensão 406 p.
520 ## - NOTA DE RESUMO, ETC.
Resumo, etc. Ambientada numa ilha paradisíaca, de onde os lagosteiros partem todas as manhãs e onde os vizinhos se reúnem à noite para comemorar a produção do dia, "Ousadia de Verão", de Barbara Delinsky, é uma história comovente da busca arriscada, mas compensadora, do que existe de mais sublime em cada um de nós, na qual sobressaem o instinto de sobrevivência e a capacidade inesgotável do espírito humano de se recuperar de uma tragédia e criar uma vida nova.<br/><br/><br/><br/>Julia Bechtel, Noah Prine e Kim Colella, os únicos sobreviventes de um terrível acidente de barco na costa do Maine, em que nove pessoas morreram, são assombrados por uma indagação: o que acontece logo após o momento que mudará sua vida para sempre?<br/><br/><br/><br/>Julia, de 40 anos, esposa e mãe, sempre seguiu o caminho da submissão. Considerada por uma família controladora e um marido cada vez mais distante como "leal" e "obediente", ela compreende, após quase ter perdido a vida, que há mais dentro de si - e no mundo ao seu redor - do que jamais imaginara.
650 #0 - ASSUNTO--TERMO TÓPICO
Cabeçalho tópico ou nome geográfico Literatura Americana
9 (RLIN) 84
650 #0 - ASSUNTO--TERMO TÓPICO
Cabeçalho tópico ou nome geográfico Chick Lit
9 (RLIN) 363
650 #0 - ASSUNTO--TERMO TÓPICO
Cabeçalho tópico ou nome geográfico Amor e Paixão
9 (RLIN) 25
650 #0 - ASSUNTO--TERMO TÓPICO
Cabeçalho tópico ou nome geográfico Familia
9 (RLIN) 35
655 #0 - TERMO DE ÍNDICE--GÊNERO E FORMA
Gênero/forma/ou termo foco Romance
655 #0 - TERMO DE ÍNDICE--GÊNERO E FORMA
Gênero/forma/ou termo foco Ficção
700 ## - ENTRADA ADICIONADA - NOME PESSOAL
Nome pessoal A. B. Pinheiro de Lemos
Função do autor por extenso Tradutor
9 (RLIN) 109
942 ## - ELEMENTOS DE ENTRADA ADICIONADOS (KOHA)
Fonte de classificação ou esquema de arquivamento Classificação decimal de Dewey
Ocultar no OPAC Não
Tipo de material Koha Livros
Holdings
Situação do descarte Situação das perdas Fonte de classificação ou esquema de arquivamento Status danificado Não pode ser emprestado Coleção Biblioteca de origem Biblioteca atual Localização na estante Data de aquisição Fonte de aquisição Total de empréstimos Número de chamada completo Código de barras Data de último acesso Data do preço efetivo Tipo de material Koha
    Classificação decimal de Dewey     Ficção Biblioteca Professor Eduardo Afonso de Castro Biblioteca Professor Eduardo Afonso de Castro Literatura Estrangeira 19.09.2016 doação   813 / D353o 2025-16055 31.01.2025 31.01.2025 Livros

Powered by Koha